[Event "Malmo Open"]
[Site "Malmo"]
[Date "2016.12.18"]
[Round "6.1"]
[White "Solodovnichenko, Yuri"]
[Black "Ernst, Thomas"]
[Result "1/2-1/2"]
[WhiteElo "2573"]
[BlackElo "2358"]

1.e4 e5 2.Nf3 Nc6 3.Bb5 a6 4.Ba4 Nf6 5.O-O Nxe4 6.d4 b5 7.Bb3 d5 8.dxe5 
Be6 9.Be3 Be7 10.c3 Nc5 11.Bc2 Nd7 12.Re1 Ndxe5 13.Nxe5 Nxe5 14.Bd4 Ng6 
15.Bxg7 Rg8 16.Bxg6 Rxg7 17.Rxe6 hxg6 18.Re3 Kf8 19.Nd2 Qd7 20.Nf3 Bc5 21.
Re2 f6 22.Qd3 Re8 23.Rxe8+ Kxe8 24.g3 Kf8 25.Kg2 c6 26.a4 Kg8 27.axb5 axb5
28.Ra8+ Kh7 29.b4 Bb6 30.Nd4 Re7 31.h4 Bxd4 32.h5 Qg4 33.hxg6+ Kg7 34.cxd4
Qe4+ 35.Qf3 Qxf3+ 36.Kxf3 Re4 37.Rc8 Rxd4 38.Rxc6 Rxb4 39.Rd6 d4 40.Ke4 
Kxg6 41.f4 d3+ 42.Ke3 d2 43.g4 Rb3+ 44.Kxd2 Rf3 45.g5 Rxf4 46.gxf6 1/2-1/2

[Event "Malmo Open"]
[Site "Malmo"]
[Date "2016.12.18"]
[Round "6.2"]
[White "Manosri Jacobsen, Mikkel"]
[Black "Lindgren, Philip"]
[Result "0-1"]
[WhiteElo "2264"]
[BlackElo "2424"]

1.d4 d5 2.c4 c6 3.Nf3 Nf6 4.e3 Bg4 5.h3 Bh5 6.g4 Bg6 7.Ne5 e6 8.Nc3 Nbd7 
9.Nxg6 hxg6 10.cxd5 exd5 11.Bd3 Bb4 12.Bd2 Qe7 13.a3 Bxc3 14.Bxc3 Ne4 15.
Bb4 Qf6 16.Qe2 O-O-O 17.Rh2 Ng5 18.f4 Ne4 19.Bxe4 dxe4 20.O-O-O Qe6 21.d5 
cxd5 22.Bc3 f6 23.Qb5 Nb6 24.Rc2 Kb8 25.Ba5 Rxh3 26.f5 gxf5 27.gxf5 Qd6 
28.Kb1 Rxe3 29.Bb4 Qd7 30.Qa5 Rd3 31.Rxd3 exd3 32.Rg2 Qxf5 33.Ka2 g5 34.
Bc5 Qe6 35.Bd4 Qc6 36.Kb1 Rc8 37.Rd2 Qc1+ 38.Ka2 Qc4+ 0-1

[Event "Malmo Open"]
[Site "Malmo"]
[Date "2016.12.18"]
[Round "6.3"]
[White "Golubka, Petro"]
[Black "Wengholm, Anders"]
[Result "1-0"]
[WhiteElo "2407"]
[BlackElo "2204"]

1.e4 c5 2.c3 Nf6 3.e5 Nd5 4.d4 cxd4 5.Nf3 e6 6.cxd4 d6 7.Bc4 Nc6 8.O-O Be7
9.Qe2 O-O 10.Qe4 Bd7 11.exd6 Bxd6 12.Nc3 Nf6 13.Qe2 Rc8 14.Rd1 Re8 15.Bg5 
a6 16.Ne4 Be7 17.Bxf6 gxf6 18.d5 exd5 19.Bxd5 Qc7 20.Qc4 Rf8 21.Qc3 Ne5 
22.Qb3 Bc6 23.Nh4 Bxd5 24.Qxd5 Rfd8 25.Qb3 Ng4 26.h3 Qh2+ 27.Kf1 Qf4 28.
hxg4 Qxe4 29.Re1 Qb4 30.Nf5 Qxb3 31.Nxe7+ Kf8 32.axb3 Rc2 33.Nf5 Rdd2 34.
Kg1 Rxf2 35.Ne3 Rxb2 36.Rac1 h5 37.gxh5 f5 38.Rc8+ Kg7 39.Rf1 Rxf1+ 40.
Kxf1 Rxb3 41.Nxf5+ Kf6 42.g4 Rb4 43.h6 Kg6 44.Rg8+ Kh7 45.Rg7+ Kh8 46.Nd6 
1-0

[Event "Malmo Open"]
[Site "Malmo"]
[Date "2016.12.18"]
[Round "6.4"]
[White "Rodkjar Bank, Pelle"]
[Black "Hoi, Carsten"]
[Result "1/2-1/2"]
[WhiteElo "2283"]
[BlackElo "2378"]

1.c4 Nf6 2.Nc3 d6 3.g3 g6 4.Bg2 Bg7 5.d3 O-O 6.e4 e5 7.Nge2 Nc6 8.O-O Nh5 
9.Nd5 Kh8 10.Be3 Nd4 11.Nxd4 exd4 12.Bd2 c6 13.Nf4 Nxf4 14.Bxf4 Be6 15.Qd2
f5 16.exf5 Bxf5 17.h3 Qd7 18.Kh2 Rae8 19.Rfe1 h5 20.h4 Kh7 21.b4 Be5 22.
Bg5 Bg4 23.f4 Bg7 24.Rab1 Rxe1 25.Rxe1 Re8 26.a4 Bf5 27.Re2 Bg4 28.Re1 Bf5
29.Re2 Bg4 30.Re1 1/2-1/2

[Event "Malmo Open"]
[Site "Malmo"]
[Date "2016.12.18"]
[Round "6.5"]
[White "Tikkanen, Hans"]
[Black "Reimanis, Ritvars"]
[Result "1/2-1/2"]
[WhiteElo "2531"]
[BlackElo "2257"]

1.e4 c5 2.Nf3 Nc6 3.Bb5 g6 4.Bxc6 bxc6 5.O-O Bg7 6.Re1 Nh6 7.Nc3 O-O 8.b3 
d6 9.Bb2 e5 10.d3 f5 11.Nd2 Qh4 12.f3 Nf7 13.Qe2 f4 14.Nd1 g5 15.Qf2 Qh5 
16.g4 fxg3 17.Qxg3 Nh8 18.Ne3 Ng6 19.a3 Rf4 20.Kh1 Be6 21.Rg1 h6 22.Ng2 
Raf8 23.Raf1 R4f7 24.Ba1 Kh7 25.b4 c4 26.dxc4 Bxc4 27.Rf2 Be6 28.Ne3 d5 
29.exd5 cxd5 30.c4 dxc4 31.Rgf1 Rc7 32.Ne4 Nf4 33.Nc5 Bg8 34.Rd2 Qh3 35.
Rc1 Qxg3 36.hxg3 Ne6 37.Nxe6 Bxe6 38.Kg2 Rcf7 39.Rf1 Bc8 40.Nxc4 Ba6 41.
Rc2 g4 42.a4 gxf3+ 43.Kf2 Rc7 44.b5 Bb7 45.Rfc1 Rfc8 46.Ne3 Rxc2+ 47.Rxc2 
Rxc2+ 48.Nxc2 e4 49.Bd4 a6 50.Ke3 axb5 51.axb5 Bf8 52.Na1 Bd6 53.Nb3 Kg6 
54.Nc5 Bxc5 55.Bxc5 1/2-1/2

[Event "Malmo Open"]
[Site "Malmo"]
[Date "2016.12.18"]
[Round "6.6"]
[White "Pantzar, Milton"]
[Black "Hillarp Persson, Tiger"]
[Result "1-0"]
[WhiteElo "2237"]
[BlackElo "2511"]

1.d4 g6 2.c4 Bg7 3.e4 d6 4.Nc3 e5 5.Be3 Nc6 6.Nge2 Nh6 7.d5 Ne7 8.f3 f5 9.
Qd2 Nf7 10.O-O-O O-O 11.Kb1 c5 12.dxc6 bxc6 13.c5 d5 14.exd5 f4 15.Bf2 
Bf5+ 16.Ka1 cxd5 17.Nxd5 Nxd5 18.Qxd5 Qa5 19.Nc3 Rfd8 20.Qb3 Rab8 21.Rxd8+
Qxd8 22.Qd1 Qxd1+ 23.Nxd1 e4 24.fxe4 Bxe4 25.Bc4 Bxg2 26.Re1 Kf8 27.c6 
Bxc6 28.Bxa7 Rc8 29.Nf2 Bd7 30.Bb3 Bf5 31.a4 Ne5 32.Bd4 Nf3 33.Bxg7+ Kxg7 
34.Re7+ Kh6 35.Bd5 Nd4 36.Ka2 Rc2 37.Ne4 f3 38.Ng3 Rxh2 39.a5 Bd3 40.Re3 
Rd2 41.Bxf3 Bc4+ 42.Kb1 Nxf3 43.Rxf3 Rd6 44.Rc3 Bd3+ 45.Ka2 Kg5 46.Nh1 h5 
47.Nf2 Bf5 48.Ka3 h4 49.b4 Rd2 50.Nh3+ Bxh3 51.Rxh3 Kg4 52.Rh1 h3 53.a6 g5
1-0

[Event "Malmo Open"]
[Site "Malmo"]
[Date "2016.12.18"]
[Round "6.7"]
[White "Akesson, Ralf"]
[Black "Johansson, Gunnar"]
[Result "1-0"]
[WhiteElo "2417"]
[BlackElo "2210"]

1.c4 c6 2.Nf3 d5 3.d4 Nf6 4.Qc2 g6 5.Bf4 Bg7 6.e3 O-O 7.Nc3 c5 8.dxc5 Qa5 
9.Nd2 dxc4 10.Bxc4 Qxc5 11.Nb5 b6 12.Rc1 Nbd7 13.Qd1 Qh5 14.Be2 Qf5 15.Nd4
Qa5 16.Nc6 Qxa2 17.Nxe7+ Kh8 18.Bf3 Nc5 19.Rxc5 bxc5 20.Bxa8 Bd7 21.Bf3 
Qe6 22.Nb1 g5 23.Bxg5 Qxe7 24.Nc3 Qe6 25.O-O Bc6 26.Bf4 Bxf3 27.Qxf3 Nd7 
28.Qb7 Ne5 29.Rd1 Qb6 30.Qxb6 axb6 31.Na4 Ng6 32.Bd6 Rd8 33.Nxb6 Kg8 34.
Rd5 Bxb2 35.Bxc5 Rb8 36.f4 Bf6 37.Rd2 Bg7 38.Kf2 h5 39.g3 Kh7 40.Kf3 Nf8 
41.Bxf8 Bxf8 42.Nd7 Ra8 43.Rd5 Kh6 44.Rf5 Kg6 45.e4 Ra3+ 46.Kg2 Ra2+ 47.
Kh3 Bg7 48.Rd5 Re2 49.f5+ Kh6 50.e5 Kg5 51.f6 Bh6 52.e6+ Kg6 53.e7 Bg5 54.
Ne5+ Kxf6 55.e8=Q 1-0

[Event "Malmo Open"]
[Site "Malmo"]
[Date "2016.12.18"]
[Round "6.8"]
[White "Sahl, Bjarke"]
[Black "Kumar, Rahul"]
[Result "1/2-1/2"]
[WhiteElo "2370"]
[BlackElo "2193"]

1.e4 g6 2.d4 Bg7 3.Nc3 d6 4.Be3 a6 5.Qd2 Nd7 6.h4 Ngf6 7.f3 b5 8.a3 Bb7 9.
a4 b4 10.Nd1 a5 11.Bh6 Bxh6 12.Qxh6 c5 13.dxc5 Nxc5 14.Bb5+ Ncd7 15.Ne2 
Rc8 16.Ne3 Qb6 17.Nc4 Qc7 18.b3 Bc6 19.Nd4 Bxb5 20.Nxb5 Qc5 21.Qe3 Qxe3+ 
22.Nxe3 Nb6 23.O-O-O O-O 24.Kb2 Rc5 25.c4 bxc3+ 26.Nxc3 Rfc8 27.Nb5 d5 28.
exd5 Nfxd5 29.Nxd5 Nxd5 30.Na3 Ne3 31.Rd2 h5 32.Re1 Nf5 33.Re4 Kg7 34.Rd7 
R8c7 35.Rxc7 Rxc7 36.Nc4 Rc5 37.b4 axb4 38.Kb3 Nd6 39.Nxd6 exd6 40.Re2 Kf6
41.Kxb4 Rc1 42.Ra2 Ke5 43.a5 Rb1+ 44.Kc4 d5+ 45.Kc5 Rc1+ 46.Kb6 Rb1+ 47.
Kc7 Rc1+ 48.Kd7 d4 49.a6 d3 50.g3 Kf6 51.Kd8 Rc2 52.Ra3 d2 53.Rd3 Ra2 54.
Ke8 Rxa6 55.Rxd2 Ra8+ 56.Kd7 Ra3 57.Rf2 Re3 58.Kd6 Rd3+ 59.Kc5 g5 60.hxg5+
Kxg5 61.Kc4 Rd1 62.Kc3 Rg1 63.Kd2 Rxg3 64.Ke3 h4 65.Ra2 h3 66.Ra8 h2 67.
Rh8 Rg2 68.Rh7 Ra2 69.Rh8 Rc2 70.Rh7 Kg6 71.Rh8 Kf5 72.Rh5+ Kg6 73.Rh8 Kg5
74.Rh7 f6 75.Rh8 Rc3+ 76.Kf2 Rc1 77.Rxh2 Rc2+ 78.Kg3 Rxh2 79.Kxh2 Kf4 80.
Kg2 Ke3 81.Kg3 f5 82.f4 Ke4 83.Kg2 Ke3 84.Kg3 Ke4 85.Kg2 Kxf4 86.Kf2 Ke5 
87.Ke3 Kd5 88.Kf4 Ke6 89.Kf3 1/2-1/2

[Event "Malmo Open"]
[Site "Malmo"]
[Date "2016.12.18"]
[Round "6.9"]
[White "Walinder, Lars"]
[Black "Kristensen, Kare"]
[Result "0-1"]
[WhiteElo "2226"]
[BlackElo "2361"]

1.d4 d5 2.c4 e6 3.Nf3 c6 4.e3 Nf6 5.b3 Nbd7 6.Bd3 c5 7.O-O cxd4 8.exd4 
dxc4 9.bxc4 Be7 10.Qe2 O-O 11.Nbd2 b6 12.Bb2 Bb7 13.Rfd1 Re8 14.Rac1 Rc8 
15.Ne5 Nxe5 16.dxe5 Nd7 17.Be4 Ba6 18.Bb1 Qc7 19.Ne4 Nxe5 20.Qh5 Ng6 21.
Rd3 Bf8 22.Rh3 h6 23.Qxh6 gxh6 24.Nf6+ Kh8 25.Nxe8+ Qe5 26.Bxe5+ Nxe5 27.
Nf6 Rd8 28.Rg3 Be7 29.Ng4 Nxg4 30.Rxg4 Bg5 31.Re1 f5 32.Rg3 Bxc4 33.Rc3 
Bd2 34.Rd1 Be2 35.Rcc1 Rd5 36.g3 Bxc1 37.Rxc1 Rd1+ 38.Rxd1 Bxd1 39.f4 Kg7 
40.Kf2 Kf6 41.Ke3 e5 42.fxe5+ Kxe5 43.Bd3 Ba4 44.Bc4 a5 45.Bd3 Bc6 46.Kd2 
f4 47.gxf4+ Kxf4 48.Kc3 Ke3 49.a3 h5 50.h4 Kf3 51.Kd4 Kg4 52.Ke5 Kxh4 53.
Kd6 Ba4 54.Kc7 b5 55.Kb6 Kg3 56.Kxa5 h4 0-1

[Event "Malmo Open"]
[Site "Malmo"]
[Date "2016.12.18"]
[Round "6.10"]
[White "Gajic, Mladen"]
[Black "Adler, Bo"]
[Result "1-0"]
[WhiteElo "2349"]
[BlackElo "2176"]

1.d4 Nf6 2.Bg5 e6 3.e4 h6 4.Bxf6 Qxf6 5.Nc3 Bb4 6.e5 Qe7 7.a3 Bxc3+ 8.bxc3
b6 9.Qg4 O-O 10.Qe4 Nc6 11.Bd3 f5 12.exf6 Qxf6 13.f4 Bb7 14.Nf3 Qf5 15.
Qxf5 exf5 16.Nh4 Ne7 17.O-O Be4 18.Rae1 d5 19.g4 g6 20.gxf5 gxf5 21.Kf2 
Kf7 22.Rg1 Rg8 23.Rg3 Rxg3 24.hxg3 Rc8 25.Ba6 Rb8 26.Bd3 Rc8 27.c4 Kf6 28.
cxd5 Bxd3 29.Re6+ Kf7 30.cxd3 Rd8 31.Rxh6 Rxd5 32.Nf3 Ra5 33.Ne5+ Kg7 34.
Re6 Nd5 35.Nc4 Ra4 36.Re5 c6 37.Rxf5 b5 38.Ne5 Rxd4 39.Rg5+ Kf6 40.Nxc6 
Rxd3 41.Ke2 Rc3 42.Rxd5 Rxc6 43.Rxb5 Rc3 44.g4 Rxa3 45.Re5 a5 46.g5+ Kg6 
47.Re3 Ra1 48.Kf3 Rf1+ 49.Kg3 Rg1+ 50.Kf2 Ra1 51.Re6+ Kf7 52.Rf6+ Kg7 53.
Kf3 a4 54.Kg4 Rg1+ 55.Kf5 Rb1 56.Rg6+ Kf7 57.Ra6 Rb5+ 58.Kg4 Rb4 59.g6+ 
Kg7 60.Kg5 Rb1 61.Ra7+ Kg8 62.Rxa4 1-0

[Event "MSF Open"]
[Site "Malmo"]
[Date "2016.12.18"]
[Round "6.11"]
[White "Sadiku, Lorik"]
[Black "Olsson, William"]
[Result "1/2-1/2"]
[WhiteElo "1492"]
[BlackElo "1485"]

1.d4 Nf6 2.c4 c5 3.e3 e6 4.Nf3 cxd4 5.exd4 d5 6.Be2 Be7 7.O-O O-O 8.h3 Nc6
9.Nc3 b6 10.cxd5 Nxd5 11.Nxd5 exd5 12.Be3 Bb7 13.a3 Bf6 14.Bb5 Ne7 15.Bd3 
Rc8 16.Qe2 Qd7 17.Rac1 h6 18.g4 Qd6 19.Qd2 Ng6 20.Bf5 Rxc1 21.Rxc1 Bd8 22.
Bxg6 fxg6 23.Ne5 g5 24.Rf1 Ba6 25.Rc1 Bb7 26.f4 gxf4 27.Bxf4 Qe6 28.Rf1 
Ba6 29.Rf3 Bc7 30.Rf2 g5 31.Bg3 Rxf2 32.Qxf2 Bc8 33.Qc2 Bb8 34.Kg2 Ba6 35.
Qc6 Bc8 36.Kf2 Bxe5 37.Qxe6+ Bxe6 38.Bxe5 Kf7 39.Kg3 Kg6 40.b4 a6 41.h4 b5
42.h5+ Kf7 43.Kf3 Bd7 1/2-1/2

[Event "MSF Open"]
[Site "Malmo"]
[Date "2016.12.18"]
[Round "6.12"]
[White "Ostergaard-Nielsen, William"]
[Black "Bensryd, Hampus"]
[Result "0-1"]
[WhiteElo "1535"]
[BlackElo "1483"]

1.e4 e5 2.Nf3 Nc6 3.Nc3 Nf6 4.Bc4 Nxe4 5.Nxe4 d5 6.Bxd5 Qxd5 7.Nc3 Qd8 8.
O-O Bd6 9.Re1 O-O 10.d3 Bg4 11.Re4 f5 12.Re1 Nd4 13.h3 Nxf3+ 14.gxf3 Bxh3 
15.Ne2 Qf6 16.Qd2 h6 17.f4 Qg6+ 18.Ng3 exf4 19.Kh2 fxg3+ 20.Kxh3 Qh5+ 21.
Kg2 Qh2+ 22.Kf3 g2 23.Qd1 Rae8 24.Rg1 Qh3# 0-1

[Event "Malmo Open"]
[Site "Malmo"]
[Date "2016.12.18"]
[Round "7.1"]
[White "Lindgren, Philip"]
[Black "Solodovnichenko, Yuri"]
[Result "0-1"]
[WhiteElo "2424"]
[BlackElo "2573"]

1.d4 g6 2.Nf3 Bg7 3.c4 c5 4.e4 Qa5+ 5.Nc3 Nf6 6.Bd2 cxd4 7.Nxd4 Qb6 8.Nb3 
Nc6 9.Be3 Qc7 10.Be2 O-O 11.Rc1 d6 12.O-O b6 13.f3 Bb7 14.Qd2 Rfe8 15.Nd5 
Qb8 16.Nd4 e6 17.Nxf6+ Bxf6 18.Nxc6 Bxc6 19.Rfd1 Be7 20.Bh6 Qc7 21.Qd4 f6 
22.Be3 Rad8 23.Qc3 Bb7 24.b4 Rc8 25.Qb3 Bf8 26.Qb2 Qe7 27.Bd4 Kf7 28.Qb3 
Bc6 29.a3 Rb8 30.Qe3 Kg8 31.Bb2 Red8 32.Kh1 Bg7 33.f4 Bh6 34.Bf3 e5 35.g3 
Re8 36.Re1 Rbc8 37.c5 dxc5 38.bxc5 bxc5 39.Rxc5 exf4 40.gxf4 Bxe4 41.Rxc8 
Bxf3+ 42.Kg1 Qxe3+ 43.Rxe3 Rxc8 44.Rxf3 Rc6 45.f5 Bg5 46.Bd4 a6 47.fxg6 
hxg6 48.Rb3 Kf7 49.Kg2 Ke6 50.Kf3 Kd5 51.Bf2 f5 52.a4 Bf6 53.a5 Rc3+ 54.
Rxc3 Bxc3 55.Bb6 Be5 56.h3 Kc6 57.Be3 Bc7 58.Bd2 Kb5 0-1

[Event "Malmo Open"]
[Site "Malmo"]
[Date "2016.12.18"]
[Round "7.2"]
[White "Ernst, Thomas"]
[Black "Golubka, Petro"]
[Result "1/2-1/2"]
[WhiteElo "2358"]
[BlackElo "2407"]

1.e4 e5 2.Nf3 Nc6 3.Bb5 a6 4.Ba4 d6 5.c3 f5 6.exf5 Bxf5 7.O-O Bd3 8.Re1 
Be7 9.Qb3 b5 10.Qd5 Qd7 11.Qxd3 bxa4 12.Qc2 Nf6 13.Qxa4 e4 14.Ng5 Ne5 15.
Qxd7+ Kxd7 16.Nxe4 Nd3 17.Re3 Nxc1 18.Nxf6+ Bxf6 1/2-1/2

[Event "Malmo Open"]
[Site "Malmo"]
[Date "2016.12.18"]
[Round "7.3"]
[White "Arman, Deniz"]
[Black "Akesson, Ralf"]
[Result "1-0"]
[WhiteElo "2307"]
[BlackElo "2417"]

1.e4 c6 2.d4 d5 3.Nc3 dxe4 4.Nxe4 Bf5 5.Ng3 Bg6 6.h4 h6 7.Nh3 Nf6 8.Nf4 
Bh7 9.Bc4 e6 10.O-O Bd6 11.Nxe6 fxe6 12.Bxe6 Na6 13.Re1 Kf8 14.Qf3 Nc7 15.
Bb3 Bg8 16.Nf5 Bd5 17.Bxd5 cxd5 18.Bf4 Bxf4 19.Qxf4 Nce8 20.Re6 Qc7 21.Qf3
Kg8 22.Rae1 Rh7 23.Re7 Qc6 24.R1e6 Qb5 25.a4 Qxa4 26.Rxb7 Qxc2 27.Ree7 Rc8
28.h5 Qc1+ 29.Kh2 Qg5 30.Kh3 Qxh5+ 31.Qxh5 Nxh5 32.Re1 Nf4+ 33.Kg4 g5 34.
Ne7+ Rxe7 35.Rexe7 Nf6+ 36.Kf3 Rf8 37.g3 N4h5 38.Ke2 Ne4 39.g4 Nhf6 40.f3 
Nd6 41.Rxa7 Rb8 42.Ra2 Kf8 43.Re5 Rb7 44.Re6 Nde8 45.Re3 Kf7 46.Rea3 Ke6 
47.Ra6+ Nd6 48.Rc6 Kd7 49.Rc2 Rb4 50.Ra7+ Ke6 51.Kd3 Rb3+ 52.Ke2 Nd7 53.
Ra6 Nb6 54.Ra7 Nbc4 55.Ra2 Re3+ 56.Kf2 Rd3 57.Ra4 Rxd4 58.b3 Rd2+ 59.Rxd2 
Nxd2 60.Ra3 d4 61.Ke2 Nb1 62.Ra5 Nc3+ 63.Kd3 Ncb5 64.Ra8 Ke5 65.Rf8 Kd5 
66.Rf6 Kc5 67.Rxh6 Kb4 68.Rg6 Nf7 69.Rg7 Ne5+ 70.Ke4 Nc6 71.Rxg5 Na5 72.
Rxb5+ Kxb5 73.Kxd4 Nxb3+ 74.Kd5 Kb6 75.g5 Nc5 76.g6 Nd7 77.Kd6 Nf6 78.Ke6 
Nh5 79.Kf7 Kc7 80.f4 Kd6 81.g7 1-0

[Event "Malmo Open"]
[Site "Malmo"]
[Date "2016.12.18"]
[Round "7.4"]
[White "Hoi, Carsten"]
[Black "Pantzar, Milton"]
[Result "1-0"]
[WhiteElo "2378"]
[BlackElo "2237"]

1.d4 Nf6 2.c4 c5 3.e3 cxd4 4.exd4 d5 5.Nc3 Nc6 6.Nf3 e6 7.c5 Ne4 8.Bd3 
Nxc3 9.bxc3 Be7 10.Bf4 O-O 11.h4 Qa5 12.Qc2 h6 13.Rb1 Re8 14.Kf1 Bf6 15.
Re1 b6 16.g4 Be7 17.g5 h5 18.g6 f6 19.Qe2 e5 20.Nxe5 fxe5 21.Qxh5 Be6 22.
Rxe5 Bf6 23.Rxe6 Rxe6 24.Bd6 Re1+ 25.Kg2 1-0

[Event "Malmo Open"]
[Site "Malmo"]
[Date "2016.12.18"]
[Round "7.5"]
[White "Kristensen, Kare"]
[Black "Rodkjar Bank, Pelle"]
[Result "1-0"]
[WhiteElo "2361"]
[BlackElo "2283"]

1.e4 g6 2.d4 Bg7 3.c4 e6 4.Nc3 Ne7 5.Nf3 b6 6.Bf4 d6 7.Qd2 h6 8.O-O-O Bb7 
9.Be2 Nd7 10.Qe3 a6 11.g4 Qb8 12.Kb1 Qa7 13.Rhe1 O-O-O 14.Qc1 Nf6 15.Nd2 
Qa8 16.f3 Nd7 17.Nb3 g5 18.Be3 c5 19.dxc5 dxc5 20.a4 Nc6 21.a5 Qb8 22.axb6
Qxh2 23.Nb5 Nxb6 24.Rxd8+ Rxd8 25.Nxc5 Nd7 26.Nb3 f5 27.exf5 exf5 28.f4 
Nf6 29.fxg5 hxg5 30.Bxg5 Nb4 31.Na7+ Kb8 32.Bf4+ Kxa7 33.Bxh2 Be4+ 34.Ka1 
Nc2+ 35.Ka2 Nb4+ 36.Ka3 Nc2+ 37.Ka4 Bc6+ 38.Ka5 Nxe1 39.Qxe1 Ne4 40.Bf3 
Bxb2 41.Bxe4 fxe4 42.Qf2+ Kb7 43.Qxb2 1-0

[Event "Malmo Open"]
[Site "Malmo"]
[Date "2016.12.18"]
[Round "7.6"]
[White "Gajic, Mladen"]
[Black "Tikkanen, Hans"]
[Result "1/2-1/2"]
[WhiteElo "2349"]
[BlackElo "2531"]

1.d4 d5 2.c4 c6 3.cxd5 cxd5 4.Nc3 Nf6 5.f3 e6 6.Bf4 Nc6 7.Qd2 a6 8.g4 b5 
9.e3 Bd7 10.Bd3 b4 11.Nd1 a5 12.Ne2 a4 13.h4 Na5 14.Rc1 Rc8 15.Rxc8 Qxc8 
16.O-O Qb7 17.Nf2 Nc4 18.Qc1 a3 19.bxa3 Nxa3 20.Ng3 Ba4 21.e4 Be7 22.g5 
O-O 23.gxf6 Bxf6 24.e5 Bxh4 25.Kg2 f5 26.exf6 Bxf6 27.Qe3 Qb6 28.Be5 Nc4 
29.Bxc4 dxc4 30.Nh5 Be8 31.Rh1 Bxh5 32.Rxh5 b3 33.axb3 cxb3 34.Bxf6 Rxf6 
35.Qd3 Rf5 36.Rxf5 exf5 37.Nd1 b2 38.Nc3 Qb3 39.d5 b1=Q 40.Qxb1 Qxc3 41.
Qxf5 Qd2+ 42.Kh3 Qh6+ 43.Kg4 Qd6 44.f4 g6 45.Qe5 Qd7+ 46.Kg5 Qd8+ 47.Kg4 
Qd7+ 48.Kg5 Qd8+ 1/2-1/2

[Event "Malmo Open"]
[Site "Malmo"]
[Date "2016.12.18"]
[Round "7.7"]
[White "Burwick, Malte"]
[Black "Sahl, Bjarke"]
[Result "1-0"]
[WhiteElo "2238"]
[BlackElo "2370"]

1.Nf3 c5 2.g3 d5 3.Bg2 Nf6 4.O-O g6 5.d3 Bg7 6.Nbd2 O-O 7.e4 dxe4 8.dxe4 
h6 9.Re1 Be6 10.Qe2 Nc6 11.c3 Qc8 12.Nc4 b6 13.Nfe5 Nxe5 14.Nxe5 Nd7 15.
Nxd7 Bxd7 16.e5 Bc6 17.e6 f5 18.h4 Qb7 19.Bxc6 Qxc6 20.Bf4 Kh7 21.Rad1 
Rad8 22.Rd2 Qc8 23.Red1 Rxd2 24.Rxd2 Rd8 25.Rxd8 Qxd8 26.Qf3 Bf6 27.Kh2 
Kg7 28.Qe3 g5 29.hxg5 hxg5 30.Bxg5 Qd5 31.b3 c4 32.bxc4 Qxc4 33.Bxf6+ Kxf6
34.Qh6+ Ke5 35.Qh8+ Ke4 36.Qh4+ Kd3 37.Qxe7 Ke2 38.Qd6 Qxa2 39.Kg2 1-0

[Event "Malmo Open"]
[Site "Malmo"]
[Date "2016.12.18"]
[Round "7.8"]
[White "Wengholm, Anders"]
[Black "Ornstein, Axel"]
[Result "0-1"]
[WhiteElo "2204"]
[BlackElo "2338"]

1.Nf3 Nf6 2.c4 c5 3.Nc3 e6 4.g3 b6 5.Bg2 Bb7 6.d4 cxd4 7.Qxd4 Nc6 8.Qf4 
Bb4 9.O-O Bxc3 10.bxc3 Na5 11.Ba3 Rc8 12.Ne5 Bxg2 13.Kxg2 Qc7 14.Qg5 Rg8 
15.Rfd1 Nxc4 16.Rxd7 Qxe5 17.Re7+ Kd8 18.Rd1+ Nd5 19.Qxe5 Nxe5 20.e4 Rc7 
21.Rxc7 Kxc7 22.exd5 Rd8 23.d6+ Kc6 24.Rd4 b5 0-1

[Event "Malmo Open"]
[Site "Malmo"]
[Date "2016.12.18"]
[Round "7.9"]
[White "Jogstad, Martin"]
[Black "Andersson, Paul"]
[Result "1/2-1/2"]
[WhiteElo "2282"]
[BlackElo "2196"]

1.d4 Nf6 2.g3 g6 3.Nf3 Bg7 4.Bg2 O-O 5.O-O d5 6.c4 c6 7.Nbd2 Nbd7 8.Qc2 
dxc4 9.e4 Nb6 10.Re1 Bg4 11.a4 a5 12.Ra3 e5 13.Nxe5 Qxd4 14.Nexc4 Be6 15.
Nxb6 Qxb6 16.Nb3 Qb4 17.Rf1 Rfd8 18.Be3 Nd7 19.Rc1 Ne5 20.Bc5 Bxb3 21.Qxb3
Qxb3 22.Rxb3 Nd3 23.Rc2 Nxc5 24.Rxc5 Rd2 25.e5 Bf8 26.Rc1 Bb4 27.Re3 Rad8 
28.b3 R8d3 29.Rxd3 Rxd3 30.Rb1 Bc5 31.Bf1 Rd2 32.Bc4 Rxf2 33.Rf1 Rxf1+ 34.
Kxf1 Kf8 1/2-1/2

[Event "Malmo Open"]
[Site "Malmo"]
[Date "2016.12.18"]
[Round "7.10"]
[White "Kumar, Rahul"]
[Black "Holmsgaard, Henrik"]
[Result "1-0"]
[WhiteElo "2193"]
[BlackElo "2270"]

1.d4 d5 2.Bf4 Nf6 3.e3 g6 4.c4 Bg7 5.Nc3 O-O 6.Rc1 c6 7.Nf3 Bg4 8.Qb3 Qb6 
9.Qxb6 axb6 10.cxd5 Bxf3 11.gxf3 cxd5 12.Bb5 e6 13.Kd2 Nc6 14.Bd6 Rfc8 15.
Na4 Nd7 16.b4 e5 17.dxe5 Bxe5 18.Bxe5 Ndxe5 19.f4 Nc4+ 20.Kc3 Nd6 21.Bxc6 
Rxc6+ 22.Kb3 Nc4 23.b5 Rcc8 24.Rhd1 Rd8 25.Rd4 Ra5 26.Kb4 Rda8 27.Nc3 Nb2 
28.Kb3 Nc4 29.Rxd5 Na3 30.Rcd1 Kg7 31.R1d4 Rc8 32.Rb4 h5 33.h4 Rc7 34.f5 
f6 35.fxg6 Kxg6 36.Rf4 Rc5 37.Rff5 1-0

[Event "MSF Open"]
[Site "Malmo"]
[Date "2016.12.18"]
[Round "7.11"]
[White "Olsson, William"]
[Black "Bensryd, Hampus"]
[Result "1/2-1/2"]
[WhiteElo "1485"]
[BlackElo "1483"]

1.Nf3 Nf6 2.d4 e6 3.c4 c5 4.Bg5 cxd4 5.Nxd4 a6 6.Nc3 Be7 7.g3 h6 8.Bxf6 
Bxf6 9.e3 O-O 10.Bg2 Nc6 11.O-O Qc7 12.Nxc6 dxc6 13.Qc2 c5 14.Ne4 Be7 15.
Rfd1 Bd7 16.Rd2 Bc6 17.Rad1 Rfd8 18.Nc3 Bxg2 19.Rxd8+ Rxd8 20.Kxg2 Qc6+ 
21.f3 Rxd1 22.Qxd1 Qd6 23.Qc2 Qe5 24.Qa4 Qxe3 25.Qe8+ Bf8 26.Qd7 Qd4 27.
Qxd4 cxd4 28.Ne2 Bc5 29.Kf1 Kf8 30.Ke1 Ke7 31.Kd2 Kd6 32.Kd3 e5 33.a3 a5 
34.Nc1 a4 35.g4 Ke6 36.Ne2 g6 37.Ng3 f5 38.h3 Be7 39.Ne2 Bc5 40.Ng3 Kf6 
41.h4 Ke6 42.h5 1/2-1/2

[Event "MSF Open"]
[Site "Malmo"]
[Date "2016.12.18"]
[Round "7.12"]
[White "Sadiku, Lorik"]
[Black "Johansson, Jan"]
[Result "1-0"]
[WhiteElo "1492"]
[BlackElo "1466"]

1.d4 Nf6 2.c4 g6 3.Bf4 d5 4.e3 Bg7 5.Nc3 a6 6.cxd5 Nxd5 7.Nxd5 Qxd5 8.Bxc7
Nc6 9.Nf3 O-O 10.Be2 Bf5 11.O-O Rac8 12.Bg3 Nb4 13.a3 Bc2 14.Qd2 Na2 15.
Bd1 Bb3 16.Ne1 Rc6 17.Bf3 1-0